000 00584nam a22001697a 4500
003 NUST
005 20230218164819.0
008 171208b xxu||||| |||| 00| 0 eng d
040 _c0
082 _a616.89
100 _4Tayyaba Mehboob
245 _aRole Strain, Work and Family Conflict, Communication Patterns and Marital Satisfaction among Dual-Earner Couples in Pakistan
_cTayyaba Mehboob
260 _aIslamabad
_bNational University of Sciences and Technology
_c2017
300 _a105p
856 _uhttp://10.250.8.41:8080/xmlui/handle/123456789/6845
942 _2ddc
_cTHE
999 _c332478
_d332478